Score 0/18 Timer 06:00
1 Play Today
% Correct
1789
73.3%
revolution
68%
royal monarchy
67.7%
bastide
65.9%
English
64.6%
modern republic
64%
Jacques Necker
57.3%
Eiffel Tower
55.5%
French President
54.4%
% Correct
Mayor
53.9%
La Fête Nationale
53%
Champs-de-Mars
49.7%
1417
46.7%
Voltaire
42.7%
Vive le quatorze juillet!
42.1%
George Washington
41.3%
Place de la Concorde
30.6%
Place de l’Etoile
15.5%
Remove Ads.
Support Sporcle.
Get the best of Sporcle when you Go Orange. This ad-free experience offers more features, more stats, and more fun while also helping to support Sporcle. Thank you for becoming a member.

You're not logged in!

Compare scores with friends on all Sporcle quizzes.
OR
Log In

Sporcle TV

Today on Sporcle TV


Watch our educational content, quiz creation guides, and fun videos on Sporcle TV.

Show Comments

Extras

Top Quizzes Today


Score Distribution

Paid Content

Your Account Isn't Verified!

In order to create a playlist on Sporcle, you need to verify the email address you used during registration. Go to your Sporcle Settings to finish the process.

Report this User

Report this user for behavior that violates our Community Guidelines.

Details: